Five Average Most Elevated Countries by Continent - Statistics

General Stats
  • This quiz has been taken 135 times
    134 since last reset
  • The average score is 22 of 28
Answer Stats
Continent Meters Country Feet % Correct
Asia 3,265 Nepal 10,712
95%
Europe 1,350 Switzerland 4,429
95%
Asia 3,280 Bhutan 10,761
90%
North America 760 United States 2,493
90%
South America 1,192 Bolivia 3,911
89%
Oceania 388 New Zealand 1,273
89%
South America 1,555 Peru 5,102
89%
Oceania 330 Australia 1,083
88%
Europe 910 Austria 2,986
88%
South America 1,871 Chile 6,138
88%
South America 1,117 Ecuador 3,665
88%
North America 1,111 Mexico 3,645
88%
South America 595 Argentina 1,952
86%
Oceania 667 Papua New Guinea 2,188
85%
Europe 1,996 Andorra 6,549
81%
North America 759 Guatemala 2,490
81%
North America 684 Honduras 2,244
79%
Asia 1,885 Afghanistan 6,184
76%
North America 746 Costa Rica 2,448
73%
Asia 2,988 Kyrgyzstan 9,803
73%
Asia 3,186 Tajikistan 10,453
73%
Africa 2,161 Lesotho 7,090
68%
Africa 1,330 Ethiopia 4,364
66%
Africa 1,504 Burundi 4,934
65%
Africa 1,598 Rwanda 5,243
65%
Europe 800 Kosovo 2,625
42%
Europe 1,086 Montenegro 3,563
40%
Africa 1,141 Namibia 3,743
37%
No matching quizzes found
Score Distribution
Percent of People with Each Score
Percentile by Number Answered
Your Score History
You have not taken this quiz since the last reset